Catálogo

Escribir en español : (Registro nro. 62469)

Detalles MARC
000 -LEADER
fixed length control field 00768nam a2200241 u 4500
001 - CONTROL NUMBER
control field 62469
005 - DATE AND TIME OF LATEST TRANSACTION
control field 20180714064512.0
008 - FIXED-LENGTH DATA ELEMENTS--GENERAL INFORMATION
fixed length control field 150427s2011 ag r 000 0 spa d
020 ## - INTERNATIONAL STANDARD BOOK NUMBER
International Standard Book Number 978-987-1240-61-6
082 0# - DEWEY DECIMAL CLASSIFICATION NUMBER
Classification number 809.245
Item number GAR
100 1# - MAIN ENTRY--PERSONAL NAME
Personal name García Negroni, María Marta
Relator term autor
245 10 - TITLE STATEMENT
Title Escribir en español :
Remainder of title claves para una corrección de estilo. /
Statement of responsibility, etc. María Marta García Negroni.
250 ## - EDITION STATEMENT
Edition statement 2ª edición
264 #1 - PRODUCTION, PUBLICATION, DISTRIBUTION, MANUFACTURE, AND COPYRIGHT NOTICE
Place of production, publication, distribution, manufacture Argentina :
Name of producer, publisher, distributor, manufacturer Santiago Arcos Editor ;
Date of production, publication, distribution, manufacture, or copyright notice 2011
300 ## - PHYSICAL DESCRIPTION
Extent 872 páginas ;
Dimensions 23 cm.
336 ## - CONTENT TYPE
Content type term texto
Source rdacontent
337 ## - MEDIA TYPE
Media type term sin mediación
Source rdamedia
338 ## - CARRIER TYPE
Carrier type term volumen
Source rdacarrier
490 0# - SERIES STATEMENT
Series statement Instrumentos
Volume/sequential designation 1
650 #0 - SUBJECT ADDED ENTRY--TOPICAL TERM
Topical term or geographic name entry element Corrección de estilo
650 #0 - SUBJECT ADDED ENTRY--TOPICAL TERM
Topical term or geographic name entry element Gramática
650 #0 - SUBJECT ADDED ENTRY--TOPICAL TERM
Topical term or geographic name entry element Lingüistica
Existencias
Withdrawn status Lost status Source of classification or shelving scheme Damaged status Not for loan Collection code Home library Current library Shelving location Date acquired Source of acquisition Inventory number Total Checkouts Total Renewals Full call number Barcode Date last seen Date last checked out Price effective from Koha item type
    Dewey Decimal Classification     General Biblioteca Karol Wojtyla Biblioteca Karol Wojtyla Sala general 27/04/2015 Compra 151000000000000000032410 2 1 809.245 GAR 2011 92669 05/01/2026 23/10/2023 27/04/2015 Libro